Data Analytics in Finance
Salvato in:
| Autore principale: | |
|---|---|
| Natura: | Libro |
| Lingua: | inglese |
| Pubblicazione: |
Boca Raton
CRC Press
2025
|
| Edizione: | 1st Edition |
| Soggetti: | |
| Tags: |
Nessun Tag, puoi essere il primo ad aggiungerne!!
|
MARC
| LEADER | 00000nam a2200000 4500 | ||
|---|---|---|---|
| 001 | 0312612 | ||
| 005 | 20251022121157.2 | ||
| 020 | |a 9781003620198 | ||
| 041 | 0 | |a eng | |
| 044 | |a US | ||
| 245 | 1 | 0 | |a Data Analytics in Finance |c Huijian Dong |
| 250 | |a 1st Edition | ||
| 264 | 1 | |a Boca Raton |b CRC Press |c 2025 | |
| 300 | |a 304 s. | ||
| 500 | |a Taylor and Francis e-books. | ||
| 610 | 2 | 0 | |a financie |
| 610 | 2 | 0 | |a Big Data |
| 610 | 2 | 0 | |a analýza dát |
| 610 | 2 | 0 | |a modelovanie finančné |
| 610 | 2 | 0 | |a inteligencia umelá |
| 610 | 2 | 0 | |a riadenie rizík |
| 100 | 1 | |a Dong, Huijian | |